Excerpts of chapters 10 & 11 from Application-specific integrated circuits: An introduction to VHDL & Verilog HDL

محفوظ في:
التفاصيل البيبلوغرافية
المؤلف الرئيسي: Michael John Sebastian Smith
التنسيق: كتاب
اللغة:Undetermined
منشور في: Boston, MA Addison-Wesley 2001
الموضوعات:
الوسوم: إضافة وسم
لا توجد وسوم, كن أول من يضع وسما على هذه التسجيلة!
Thư viện lưu trữ: Trung tâm Học liệu Trường Đại học Cần Thơ
LEADER 00625nam a2200181Ia 4500
001 CTU_56321
008 210402s9999 xx 000 0 und d
082 |a 621.319'2 
082 |b S655 
100 |a Michael John Sebastian Smith 
245 0 |a Excerpts of chapters 10 & 11 from Application-specific integrated circuits: An introduction to VHDL & Verilog HDL 
245 0 |c Michael John Sebastian Smith 
260 |a Boston, MA 
260 |b Addison-Wesley 
260 |c 2001 
650 |a electric engineering,electric circuits 
650 |x equipments and supplies 
980 |a Trung tâm Học liệu Trường Đại học Cần Thơ